00464 2200169 4500245009200000020002200092250001100114100001800125700002000143650001600163005001900179260004200198041001400240084000800254300002300262336000900285 aPercy Jackson and The Olympians b : The Sea of Monsters Volume 2cRiordan, RickhText a978-602-1606-21-6 aCet. 9 aRiordan, Rick aNuraini Mastura aNovel Fiksi a20230119094309 aJakartabPenerbit Mizan Fantasic2013 aIndonesia a813 a363 hlm. :c20 cm. atext